Zodpovedné univerzity a podniky
Cesta k spoločenskej zodpovednosti (CSR). Oblasti spoločenskej zodpovednosti: poeple - sociálne aktivity, planet - environmentálne aktivity, profit - ekonomické aktivity. Nadácia Pontis. Výhody spoločensky zodpovedného správania podnikov. Univerzita ako organizácia a jej koncept spoločensky zodpoved...
Saved in:
| Main Author: | |
|---|---|
| Format: | Book Chapter |
| Language: | Slovak |
| Subjects: | |
| Tags: |
No Tags, Be the first to tag this record!
|
MARC
| LEADER | 00000nla$a2200000$$$4500 | ||
|---|---|---|---|
| 001 | 0142080 | ||
| 005 | 20221019105244.0 | ||
| 041 | 0 | |a slo | |
| 044 | |a CZ | ||
| 245 | 1 | 0 | |a Zodpovedné univerzity a podniky |c Emese Tokarčíková |
| 520 | |a Cesta k spoločenskej zodpovednosti (CSR). Oblasti spoločenskej zodpovednosti: poeple - sociálne aktivity, planet - environmentálne aktivity, profit - ekonomické aktivity. Nadácia Pontis. Výhody spoločensky zodpovedného správania podnikov. Univerzita ako organizácia a jej koncept spoločensky zodpovedného správania. Oblasti: životné prostredie, pracovné prostredie, komunita a trh. Budúcnosť konceptu CSR. | ||
| 610 | 2 | 0 | |a zodpovednosť spoločenská |
| 610 | 2 | 0 | |a firmy |
| 610 | 2 | 0 | |a univerzity |
| 610 | 2 | 0 | |a prostredie pracovné |
| 610 | 2 | 0 | |a trh |
| 610 | 2 | 0 | |a ochrana prostredia životného |
| 610 | 2 | 0 | |a filantropia |
| 100 | 1 | |a Tokarčíková, Emese | |